| 000 | 01101cam a22002651i 4500 | ||
|---|---|---|---|
| 003 | SA-RiAUC | ||
| 005 | 20241205143215.0 | ||
| 008 | 241203s1983 le g b 000 0 ara c | ||
| 040 |
_aSA-RiNAUS _bara _cSA-RiAUC. _erda |
||
| 082 | 0 | 4 |
_a250.9 _qSA-RiAUC |
| 090 |
_a250.9 _b س ت ش |
||
| 100 | 1 |
_aستشيجفسكا، بوجينا غيانة _eمؤلف. |
|
| 245 | 1 | 0 |
_aتاريخ التشريع الإسلامي : _bتاريخ الدولة الإسلامية وتشريعها / _cتأليف بوجينا غيانة تتشجفسكا. |
| 250 | _aالطبعة الأولى. | ||
| 264 | 1 |
_aبيروت : _bدار الآفاق الجديدة، _c1983 |
|
| 300 |
_a438 صفحة ؛ _c24 سم |
||
| 336 |
_aنص _btxt _2rdacontent _3كتاب |
||
| 337 |
_aبدون وسيط _bn _2rdamedia |
||
| 338 |
_aمجلد _bnc _2rdacarrier |
||
| 504 | _aيشتمل على إرجاعات ببليوجرافية. | ||
| 650 | 7 |
_aالشريعة الإسلامية _xتاريخ _2aucsh |
|
| 650 | 7 |
_aالفقه الإسلامي _xتاريخ _2aucsh |
|
| 942 |
_2ddc _cBOOK _n0 |
||
| 949 |
_aSA-JeALM _d241203 _umohamedma123 _n1 |
||
| 999 |
_c3072 _d3072 |
||